000 00526cam a22001933a 4500
001 46078
003 PGUSA
005 20140828084059.0
008 140623s2014||||xxu|||||s|||||000 | eng d
040 _aPGUSA
_beng
042 _adc
245 1 4 _aThe Senses and The Mind
_h[electronic resource] /
_cAnonymous
260 _bProject Gutenberg,
_c2014
506 _aPublic domain in the USA.
516 _aElectronic text
830 0 _aProject Gutenberg
_v46078
856 4 0 _uhttp://www.gutenberg.org/ebooks/46078
942 _cEB
999 _c275327
_d275327